Em nghìn thu cũ gái Thăng Long
Giới thiệu một phần nhỏ về mấy phương diện văn hóa, nghệ thuật và một số khuôn mặt giai nhân văn hóa dù sinh ra và lớn lên hay trưởng thành ở Hà Nội đều có những đóng góp cho sự phát triển của một Thăng Long - Hà Nội xưa và nay......
Saved in:
| Main Author: | |
|---|---|
| Format: | Book |
| Language: | Undetermined |
| Published: |
H.
Văn hóa Thông tin
2010
|
| Subjects: | |
| Online Access: | http://lrc.tdmu.edu.vn/opac/search/detail.asp?aID=2&ID=15313 |
| Tags: |
Add Tag
No Tags, Be the first to tag this record!
|
| Institutions: | Trung tâm Học liệu Trường Đại học Thủ Dầu Một |
|---|
| LEADER | 01084nam a2200205Ia 4500 | ||
|---|---|---|---|
| 001 | TDMU_15313 | ||
| 008 | 210410s9999 xx 000 0 und d | ||
| 082 | |a 700.959731 | ||
| 090 | |b L600 | ||
| 100 | |a Lý, Khắc Cung | ||
| 245 | 0 | |a Em nghìn thu cũ gái Thăng Long | |
| 245 | 0 | |c Lý Khắc Cung | |
| 260 | |a H. | ||
| 260 | |b Văn hóa Thông tin | ||
| 260 | |c 2010 | ||
| 300 | |a 235tr | ||
| 520 | |a Giới thiệu một phần nhỏ về mấy phương diện văn hóa, nghệ thuật và một số khuôn mặt giai nhân văn hóa dù sinh ra và lớn lên hay trưởng thành ở Hà Nội đều có những đóng góp cho sự phát triển của một Thăng Long - Hà Nội xưa và nay... | ||
| 650 | |a Trường học; Hà Nội (Việt Nam) |x Văn hóa nghệ thuật; Hà Nội (Việt Nam) |x Mô tả và du lịch | ||
| 856 | |u http://lrc.tdmu.edu.vn/opac/search/detail.asp?aID=2&ID=15313 | ||
| 980 | |a Trung tâm Học liệu Trường Đại học Thủ Dầu Một | ||